000 00579nam a22001937a 4500
003 0
005 20251018103018.0
008 251017b xxu||||| |||| 00| 0 eng d
020 _a978-1-84749-373-6
050 _aPR 4167
_b.B783 2023
100 _aBrontë, Charlotte,
_d1816–1855,
_eauthor.
245 _aJane Eyre /
_cCharlotte Brontë.
260 _aRichmond :
_bAlma Classics,
_c2023.
300 _a492 pages ;
_c20 cm.
500 _aIncludes extra material and notes on the text.
650 _aGovernesses
_vFiction.
650 _aEngland
_vFiction.
942 _2lcc
_cBK
999 _c368265
_d368265